[Event "3 ligaA2  65.5"]
[Site "?"]
[Date "2008.03.30"]
[Round "11"]
[White "Havlieek, P."]
[Black "Lelkes, Bela"]
[Result "0-1"]
[WhiteElo "1688"]
[BlackElo "1869"]
[PlyCount "102"]
[EventDate "2008.04.05"]
[SourceTitle "OM OTB B 201907"]
[Source "Opening Master"]
[SourceDate "2019.07.06"]
[SourceVersion "2"]
[SourceVersionDate "2019.07.06"]
[SourceQuality "1"]

1. e4 e5 2. Nf3 Nc6 3. c3 Nf6 4. d3 h6 5. Be2 d5 6. exd5 Qxd5 7. O-O Be6 8. h3
Qd7 9. Nh2 Bd6 10. Be3 O-O-O 11. a4 a5 12. Ng4 h5 13. Nh2 Rdg8 14. f4 Bxh3 15.
gxh3 Qxh3 16. Rf3 Qd7 17. Qf1 Ng4 18. Qh3 f5 19. Nd2 Nxe3 20. Rxe3 Bc5 21. fxe5
Bxe3+ 22. Qxe3 g5 23. d4 f4 24. Qe4 Ne7 25. Nc4 Qd5 26. Qxd5 Nxd5 27. Nxa5 g4
28. Bc4 Ne3 29. Bxg8 Rxg8 30. Re1 b6 31. Nc6 Kd7 32. Nb4 Ke6 33. Nd3 Kf5 34.
Nf1 Ke4 35. Nxe3 fxe3 36. Nf2+ Kf3 37. Nd1 e2 38. Nf2 Ke3 39. Rb1 Rf8 40. e6 c6
41. b4 Re8 42. a5 bxa5 43. bxa5 Rxe6 44. Nh1 Kd2 45. Kf2 Rf6+ 46. Kg3 Kxc3 47.
Nf2 Kxd4 48. a6 Rf3+ 49. Kg2 Ra3 50. Re1 Ke3 51. Nd1+ Kd2 0-1

[Event "Schleswig Holstein-ch U18 VM"]
[Site "Neumuenster"]
[Date "2008.03.29"]
[Round "8"]
[White "Otto, Moritz"]
[Black "Knof, Henrike"]
[Result "1/2-1/2"]
[WhiteElo "1204"]
[BlackElo "1422"]
[PlyCount "42"]
[EventDate "2008.03.24"]
[EventType "swiss"]
[EventRounds "9"]
[EventCountry "GER"]
[SourceTitle "EXT 2009"]
[Source "ChessBase"]
[SourceDate "2008.11.26"]
[SourceVersion "1"]
[SourceVersionDate "2008.11.26"]
[SourceQuality "1"]

1. e4 e5 2. Nf3 Nc6 3. c3 Nf6 4. d4 exd4 5. e5 Qe7 6. cxd4 d6 7. Bb5 Bd7 8.
Bxc6 Bxc6 9. Bg5 O-O-O 10. O-O Bxf3 11. Qxf3 dxe5 12. Qf5+ Qe6 13. Qxe6+ fxe6
14. dxe5 h6 15. Bxf6 gxf6 16. exf6 Bd6 17. Nc3 Rdf8 18. Ne4 Be5 19. Rab1 Bxf6
20. Nxf6 Rxf6 21. Rbd1 Rg6 1/2-1/2

[Event "Schleswig Holstein-ch U18 VM"]
[Site "Neumuenster"]
[Date "2008.03.27"]
[Round "6"]
[White "Otto, Moritz"]
[Black "Bracker, Karsten Hans"]
[Result "1-0"]
[WhiteElo "1204"]
[BlackElo "906"]
[PlyCount "117"]
[EventDate "2008.03.24"]
[EventType "swiss"]
[EventRounds "9"]
[EventCountry "GER"]
[SourceTitle "EXT 2009"]
[Source "ChessBase"]
[SourceDate "2008.11.26"]
[SourceVersion "1"]
[SourceVersionDate "2008.11.26"]
[SourceQuality "1"]

1. e4 e5 2. Nf3 Nc6 3. c3 Nf6 4. d4 exd4 5. e5 Ng4 6. cxd4 Bb4+ 7. Nc3 O-O 8.
h3 Bxc3+ 9. bxc3 Nh6 10. Bxh6 gxh6 11. Bd3 f6 12. Qd2 Rf7 13. Qxh6 Qf8 14.
Qxf8+ Rxf8 15. exf6 Rxf6 16. Ng5 h6 17. Ne4 Re6 18. Bc4 d6 19. Bxe6+ Bxe6 20.
O-O d5 21. Nc5 Bc8 22. Rab1 b6 23. Nd3 Bf5 24. Rbd1 Bxd3 25. Rxd3 a5 26. Rf3 b5
27. Rf6 Ne7 28. Rxh6 Nf5 29. Rc6 Rc8 30. Rb1 Ne7 31. Re6 Re8 32. Rxb5 a4 33.
Rxd5 Kf7 34. Rde5 a3 35. Ra6 c6 36. Rxa3 Nd5 37. Rxe8 Kxe8 38. Ra5 Nxc3 39. Rc5
Ne2+ 40. Kh2 Nxd4 41. g4 Kd7 42. f4 Kd6 43. Rh5 c5 44. g5 c4 45. Rh8 c3 46. Rc8
c2 47. Rxc2 Nxc2 48. a4 Ne3 49. Kg3 Nf5+ 50. Kg4 Ne3+ 51. Kh5 Nf5 52. g6 Kc6
53. Kg5 Ne7 54. g7 Kb6 55. Kf6 Ng8+ 56. Kf7 Nh6+ 57. Kf8 Ka5 58. g8=Q Kxa4 59.
Qg5 1-0

[Event "Ch (qual)"]
[Site "Berlin (Germany)"]
[Date "2008.03.25"]
[Round "4"]
[White "Hintze, Peter"]
[Black "Koch, Friedrich"]
[Result "1-0"]
[WhiteElo "2040"]
[BlackElo "2048"]
[PlyCount "77"]
[EventDate "2008.??.??"]
[EventRounds "9"]
[EventCountry "GER"]
[SourceTitle "OM OTB B 201907"]
[Source "Opening Master"]
[SourceDate "2019.07.06"]
[SourceVersion "2"]
[SourceVersionDate "2019.07.06"]
[SourceQuality "1"]

1. e4 e5 2. Nf3 Nc6 3. c3 Nf6 4. d4 exd4 5. e5 Nd5 6. cxd4 Bb4+ 7. Bd2 Bxd2+ 8.
Nbxd2 d6 9. Bb5 O-O 10. Bxc6 bxc6 11. O-O Rb8 12. Nb3 Ba6 13. Re1 Qd7 14. Qd2
Nb4 15. Re3 Nd5 16. Ree1 Rb4 17. Rac1 Rfb8 18. exd6 cxd6 19. Qg5 f6 20. Qg3 Bd3
21. h3 Bg6 22. Nh4 Kf7 23. Nxg6 hxg6 24. Na5 Rxb2 25. Nc4 Rxa2 26. Nxd6+ Kg8
27. Nf5 Qxf5 28. Qxb8+ Kh7 29. Qg3 Rc2 30. Rxc2 Qxc2 31. Qh4+ Kg8 32. Re8+ Kf7
33. Ra8 Qb1+ 34. Kh2 Nc7 35. Rc8 Ne8 36. Rxc6 a5 37. Qg4 Qb8+ 38. g3 Qd8 39.
Qe6+ 1-0

[Event "Budapest Spring Festival-24"]
[Site "Budapest HUN"]
[Date "2008.03.24"]
[Round "4"]
[White "Csapo, Zoltan"]
[Black "Fabian, Laszlo"]
[Result "1-0"]
[WhiteElo "2120"]
[BlackElo "1873"]
[PlyCount "83"]
[EventDate "2008.03.21"]
[EventRounds "9"]
[EventCountry "HUN"]
[SourceTitle "OM OTB B 201907"]
[Source "Opening Master"]
[SourceDate "2019.07.06"]
[SourceVersion "2"]
[SourceVersionDate "2019.07.06"]
[SourceQuality "1"]

1. e4 e5 2. Nf3 Nc6 3. c3 Nf6 4. d4 exd4 5. e5 Nd5 6. Qb3 Nb6 7. cxd4 Bb4+ 8.
Nc3 d5 9. Bb5 O-O 10. O-O Be7 11. a4 Na5 12. Qd1 f5 13. exf6 Bxf6 14. b4 Nc6
15. a5 Nc4 16. Qd3 Nxb4 17. Qe2 c6 18. Bxc4 dxc4 19. Qxc4+ Nd5 20. a6 Kh8 21.
Ba3 Rg8 22. Ne4 Be7 23. Ne5 Rf8 24. axb7 Bxb7 25. Nc5 Bxc5 26. Bxc5 Rf6 27.
Rfb1 Qc7 28. Rxa7 Rxa7 29. Bxa7 h5 30. Qb3 Bc8 31. Qb8 Qd8 32. Bc5 Kh7 33. Ra1
Nf4 34. Ra8 Qd5 35. f3 Rf8 36. Qb2 Re8 37. Qc2+ Kh6 38. Rxc8 Rxc8 39. Qf5 Rf8
40. Qxf8 Ne2+ 41. Kf2 Qa2 42. Qh8+ 1-0

[Event "Hessen-ch Gr-F 62nd"]
[Site "Hanau"]
[Date "2008.03.21"]
[Round "2"]
[White "Polak, Elias"]
[Black "Eremenko, Christian"]
[Result "1-0"]
[WhiteElo "1240"]
[BlackElo "1111"]
[PlyCount "199"]
[EventDate "2008.03.21"]
[EventType "swiss"]
[EventRounds "5"]
[EventCountry "GER"]
[SourceTitle "CBM 123 Extra"]
[Source "ChessBase"]
[SourceDate "2008.05.06"]
[SourceVersion "1"]
[SourceVersionDate "2008.05.06"]
[SourceQuality "1"]

1. e4 e5 2. Nf3 Nc6 3. c3 a6 4. d4 Bd6 5. Bc4 h6 6. Qb3 Qe7 7. O-O Nf6 8. Re1
O-O 9. Nh4 exd4 10. Ng6 Qe8 11. Nxf8 Kxf8 12. Bd2 Qe5 13. g3 Qe7 14. Bd5 dxc3
15. Bxc3 Bb4 16. Bxc6 Bxc3 17. Nxc3 dxc6 18. Rad1 b6 19. Qa3 c5 20. Nd5 Nxd5
21. exd5 Qd6 22. Qa4 Bb7 23. Qe4 Qf6 24. Qe5 Qf3 25. Qf4 Bxd5 26. Qxf3 Bxf3 27.
Rd7 c6 28. Ree7 Bd5 29. Rb7 Be6 30. Rec7 b5 31. Ra7 Rd8 32. h4 Bxa2 33. Rxc6
Rd1+ 34. Kh2 Be6 35. Rb6 g5 36. Rb8+ Kg7 37. Re8 Kf6 38. hxg5+ hxg5 39. Rxa6
Rd2 40. Kg2 Rxb2 41. Rc8 c4 42. Rb6 b4 43. Rxc4 b3 44. Rc3 Kg7 45. Rc5 g4 46.
Rc7 Kf8 47. Rc1 Kg7 48. Kf1 Bd5 49. Rb4 Be6 50. Ke1 Kh7 51. Rd4 Ra2 52. Rd2 Ra4
53. Rb2 Rb4 54. Rc3 Kg6 55. f3 Kg5 56. f4+ Kf5 57. Kf2 Ke4 58. Re3+ Kf5 59.
Re5+ Kf6 60. Ke3 Kg6 61. Kd3 Kf6 62. Kc3 Rc4+ 63. Kd3 Rb4 64. Rc5 Bf5+ 65. Kc3
Re4 66. Kxb3 Re3+ 67. Rc3 Be6+ 68. Kc2 Re2+ 69. Kc1 Re1+ 70. Kd2 Rg1 71. Rb5
Rg2+ 72. Ke1 Rg1+ 73. Kf2 Rd1 74. Re3 Rd2+ 75. Ke1 Rh2 76. Rbe5 Rh1+ 77. Kd2
Rh2+ 78. Re2 Rh3 79. Rg2 Bd7 80. Ra5 Be6 81. Ke3 Bc8 82. Rb5 Be6 83. Ke4 Kg7
84. f5 Bd7 85. Rb6 Rh5 86. Rf2 Rg5 87. Rd2 Ba4 88. Kf4 Rh5 89. Kxg4 Rh8 90. Kg5
Rh3 91. g4 Re3 92. Rh6 Re8 93. Rdh2 f6+ 94. Rxf6 Bb3 95. Rg6+ Kf8 96. Kf6 Bg8
97. Rh8 Re6+ 98. fxe6 Ke8 99. Rg7 Kd8 100. Rhxg8# 1-0

[Event "Niedersachsen-ch U10"]
[Site "Rotenburg"]
[Date "2008.03.20"]
[Round "10"]
[White "Boehning, Kilian"]
[Black "Krueger, Ivan"]
[Result "0-1"]
[WhiteElo "819"]
[BlackElo "782"]
[PlyCount "110"]
[EventDate "2008.03.15"]
[EventType "swiss"]
[EventRounds "11"]
[EventCountry "GER"]
[SourceTitle "EXT 2009"]
[Source "ChessBase"]
[SourceDate "2008.11.26"]
[SourceVersion "1"]
[SourceVersionDate "2008.11.26"]
[SourceQuality "1"]

1. e4 e5 2. Nf3 Nc6 3. c3 Nf6 4. d3 d6 5. Bg5 h6 6. Bh4 g5 7. Bg3 Bg4 8. Be2
Qd7 9. h3 Bh5 10. Qc2 Bg6 11. Nbd2 O-O-O 12. O-O-O Bg7 13. Nh2 d5 14. Nb3 h5
15. Nc5 Qd6 16. Nb3 h4 17. Bxe5 Qxe5 18. Nf3 Qf4+ 19. Kb1 dxe4 20. dxe4 Bxe4
21. Bd3 Bxd3 22. Rxd3 Rxd3 23. Qxd3 Qe4 24. Rd1 Rd8 25. Qxe4 Rxd1+ 26. Kc2 Nxe4
27. Kxd1 Nxf2+ 28. Ke2 Ne4 29. Ke3 f5 30. Nc1 Ne5 31. Nxe5 Bxe5 32. Ne2 Ng3 33.
Nxg3 Bxg3 34. Kd4 g4 35. Kd5 gxh3 36. gxh3 f4 37. Ke4 Kd7 38. b4 Kd6 39. a3 c5
40. c4 a6 41. Kd3 b5 42. cxb5 axb5 43. bxc5+ Kxc5 44. Kc3 f3 45. Kd3 f2 46. Ke2
b4 47. axb4+ Kxb4 48. Kf1 Kc3 49. Ke2 Kd4 50. Kf3 f1=Q+ 51. Kg4 Ke4 52. Kg5
Qf5+ 53. Kh6 Qf4+ 54. Kh5 Ke5 55. Kg6 Qf6+ 0-1

[Event "Pobeskydy op"]
[Site "Frydek Mistek"]
[Date "2008.03.20"]
[Round "1"]
[White "Reznicek, Marcel"]
[Black "Cisarik, Pavol"]
[Result "1-0"]
[WhiteElo "2129"]
[BlackElo "1807"]
[PlyCount "85"]
[EventDate "2008.03.20"]
[EventType "swiss"]
[EventRounds "9"]
[EventCountry "CZE"]
[SourceTitle "EXT 2010"]
[Source "ChessBase"]
[SourceDate "2009.11.30"]
[SourceVersion "1"]
[SourceVersionDate "2009.11.30"]
[SourceQuality "1"]

1. e4 e5 2. Nf3 Nc6 3. c3 d5 4. Qa4 dxe4 5. Nxe5 Bd7 6. Nxd7 Qxd7 7. Qxe4+ Be7
8. Bb5 Nf6 9. Qf3 O-O 10. Bxc6 bxc6 11. d4 c5 12. Be3 Qb5 13. Qe2 Rab8 14. Qxb5
Rxb5 15. b3 cxd4 16. Bxd4 c5 17. Be3 Ng4 18. Bf4 g5 19. f3 gxf4 20. fxg4 Bh4+
21. Kd2 c4 22. bxc4 Rb2+ 23. Kd3 Rxg2 24. Na3 Rd8+ 25. Ke4 Rdd2 26. Rhf1 Bg5
27. h4 Bxh4 28. Kxf4 Rxa2 29. Nb5 Bg3+ 30. Kf3 Be5 31. Nd4 f6 32. Rxa2 Rxa2 33.
Ke4 h6 34. c5 Kf7 35. Kd5 Bxd4 36. cxd4 Ke7 37. Rh1 Rg2 38. Rxh6 Rxg4 39. Rh7+
Kd8 40. Rxa7 f5 41. Rf7 Rf4 42. c6 Rf1 43. Kd6 1-0

[Event "Catalunya-ch U20"]
[Site "Catalunya"]
[Date "2008.03.19"]
[Round "1"]
[White "Pueyo Burrel, David"]
[Black "Sanz Arenas, Oriol"]
[Result "1-0"]
[WhiteElo "2085"]
[BlackElo "1827"]
[PlyCount "81"]
[EventDate "2008.03.19"]
[EventType "swiss"]
[EventRounds "9"]
[EventCountry "ESP"]
[SourceTitle "EXT 2010"]
[Source "ChessBase"]
[SourceDate "2009.11.30"]
[SourceVersion "1"]
[SourceVersionDate "2009.11.30"]
[SourceQuality "1"]

1. e4 e5 2. Nf3 Nc6 3. c3 Nf6 4. d4 exd4 5. e5 Nd5 6. cxd4 d6 7. Bb5 Bd7 8. O-O
Be7 9. Qb3 Be6 10. Qc2 Ndb4 11. Qa4 O-O 12. Nc3 dxe5 13. dxe5 a6 14. Bxc6 Nxc6
15. Rd1 Qc8 16. Qe4 Bb4 17. Ne2 Bf5 18. Qc4 Qe6 19. Qf4 Bc2 20. Ned4 Qd5 21.
Rf1 Bd3 22. Nxc6 Qxc6 23. Qxb4 Bxf1 24. Kxf1 Qd5 25. Be3 b6 26. Kg1 c5 27. Qxb6
Rfb8 28. Qxc5 Qxc5 29. Bxc5 Rxb2 30. h3 Rc8 31. Bd4 Re2 32. a4 h6 33. a5 g5 34.
Rb1 Ra2 35. Bb6 Rc6 36. Rd1 Kg7 37. Rd7 Rg6 38. Nd4 Kg8 39. Rd6 Rxd6 40. exd6
Kf8 41. d7 1-0

[Event "POL-ch U12"]
[Site "Ustron"]
[Date "2008.03.16"]
[Round "11"]
[White "Eggink, Ryszard"]
[Black "Smolka, Marcin"]
[Result "0-1"]
[WhiteElo "1703"]
[BlackElo "1831"]
[PlyCount "56"]
[EventDate "2008.03.08"]
[EventType "swiss"]
[EventRounds "11"]
[EventCountry "POL"]
[SourceTitle "EXT 2010"]
[Source "ChessBase"]
[SourceDate "2009.11.30"]
[SourceVersion "1"]
[SourceVersionDate "2009.11.30"]
[SourceQuality "1"]

1. e4 e5 2. Nf3 Nc6 3. c3 d5 4. Qa4 f6 5. Bb5 Nge7 6. O-O Bd7 7. exd5 Nxd5 8.
Qe4 Nde7 9. Na3 a6 10. Ba4 b5 11. Bb3 Na5 12. Bd1 Bf5 13. Qe1 Ng6 14. d4 Bxa3
15. bxa3 O-O 16. Qe3 Nc4 17. Bb3 Kh8 18. Bxc4 bxc4 19. dxe5 Re8 20. Qd4 Nxe5
21. Nxe5 fxe5 22. Qc5 Bd3 23. Re1 Qd6 24. Be3 Rab8 25. Rad1 Rb2 26. Bd4 Be2 27.
Qxe5 Rxe5 28. Bxe5 Qxd1 0-1

[Event "Czech League 2007/08 (2nd) (a)"]
[Site "Czech Republic"]
[Date "2008.03.16"]
[Round "10"]
[White "Palkova, Katerina"]
[Black "Kotrba, Tomas"]
[Result "1/2-1/2"]
[WhiteElo "2057"]
[BlackElo "2133"]
[PlyCount "133"]
[EventDate "2008.??.??"]
[EventRounds "11"]
[SourceTitle "OM OTB B 201907"]
[Source "Opening Master"]
[SourceDate "2019.07.06"]
[SourceVersion "2"]
[SourceVersionDate "2019.07.06"]
[SourceQuality "1"]

1. e4 e5 2. Nf3 Nc6 3. c3 Nge7 4. d4 exd4 5. cxd4 d5 6. e5 Bg4 7. Be3 Nf5 8.
Be2 Bb4+ 9. Nc3 O-O 10. O-O f6 11. exf6 Nxe3 12. fxe3 Rxf6 13. Rc1 Bxc3 14.
Rxc3 Ne7 15. Ne5 Rxf1+ 16. Qxf1 Bxe2 17. Qxe2 c6 18. Qg4 Qc8 19. Qxc8+ Nxc8 20.
a4 Nd6 21. a5 a6 22. Nd7 Re8 23. Nc5 Re7 24. b3 Ne4 25. Nxe4 Rxe4 26. Kf2 Kf7
27. Ke2 Ke6 28. Kd3 Rh4 29. h3 Rh6 30. Rc2 Rf6 31. Re2 Kd6 32. e4 dxe4+ 33.
Rxe4 Rf2 34. Rg4 g6 35. Kc4 Rc2+ 36. Kd3 Rf2 37. Rg5 Rb2 38. Kc3 Rf2 39. h4 Rf4
40. g4 Rf3+ 41. Kc4 Rf1 42. h5 Rf6 43. Re5 Rf4 44. Rg5 Rf6 45. b4 Re6 46. Re5
Rf6 47. g5 Rf3 48. h6 Rf8 49. Re4 Rf5 50. Re8 Rxg5 51. Rh8 Rh5 52. Rxh7 g5 53.
Rxb7 Rxh6 54. Rg7 Rh5 55. Rg6+ Kc7 56. Kc5 g4+ 57. d5 Rxd5+ 58. Kc4 Rf5 59.
Rxg4 Kb7 60. Re4 Rb5 61. Re7+ Kb8 62. Kc3 Rh5 63. Kd4 Rd5+ 64. Kc3 Rh5 65. Re4
Kb7 66. Kd4 Rd5+ 67. Kc4 1/2-1/2

[Event "Ekaterinburg UrFO-ch"]
[Site "Ekaterinburg"]
[Date "2008.03.16"]
[Round "2"]
[White "Ganiev, Takhir"]
[Black "Sladkov, Alexei"]
[Result "0-1"]
[WhiteElo "1967"]
[BlackElo "2183"]
[PlyCount "64"]
[EventDate "2008.03.15"]
[EventType "swiss"]
[EventRounds "9"]
[EventCountry "RUS"]
[SourceTitle "EXT 2009"]
[Source "ChessBase"]
[SourceDate "2008.11.26"]
[SourceVersion "1"]
[SourceVersionDate "2008.11.26"]
[SourceQuality "1"]

1. e4 e5 2. Nf3 Nc6 3. c3 Nf6 4. d4 exd4 5. e5 Ne4 6. Qe2 Nc5 7. cxd4 Ne6 8. d5
Ned4 9. Nxd4 Nxd4 10. Qe4 c5 11. Na3 Be7 12. d6 Bg5 13. f4 Bh6 14. Bd3 Rb8 15.
Be3 b5 16. Bxd4 Bb7 17. Qe2 cxd4 18. O-O a6 19. Nc2 Qb6 20. Qf2 O-O 21. Qxd4
Qc6 22. Ne3 f6 23. e6 dxe6 24. Rac1 e5 25. Rxc6 exd4 26. Nf5 Bxc6 27. Ne7+ Kf7
28. Nxc6 Rb6 29. Be4 Ke6 30. Rd1 Bxf4 31. Nxd4+ Ke5 32. Bxh7 Be3+ 0-1

[Event "UKR-ch U20 Girls"]
[Site "Odessa"]
[Date "2008.03.15"]
[Round "11"]
[White "Andrenko, Irina"]
[Black "Stasenko, Julia"]
[Result "1/2-1/2"]
[WhiteElo "2216"]
[BlackElo "1961"]
[PlyCount "50"]
[EventDate "2008.03.05"]
[EventType "tourn"]
[EventRounds "11"]
[EventCountry "UKR"]
[EventCategory "1"]
[SourceTitle "CBM 123 Extra"]
[Source "ChessBase"]
[SourceDate "2008.05.06"]
[SourceVersion "1"]
[SourceVersionDate "2008.05.06"]
[SourceQuality "1"]

1. e4 e5 2. Nf3 Nc6 3. c3 Nf6 4. d4 exd4 5. e5 Nd5 6. cxd4 Bb4+ 7. Bd2 Bxd2+ 8.
Qxd2 d6 9. Bc4 Nb6 10. Bb5 O-O 11. Bxc6 bxc6 12. O-O Bg4 13. Qf4 Bxf3 14. Qxf3
dxe5 15. dxe5 Qd5 16. Qg3 Nc4 17. Re1 Nxb2 18. Nc3 Qe6 19. Ne4 Qg6 20. Qc3 Na4
21. Qc2 Nb6 22. Rac1 Rfe8 23. f4 Nd5 24. Qf2 Qf5 25. g3 f6 1/2-1/2

[Event "Werther Schloss op-A 14th"]
[Site "Werther"]
[Date "2008.03.14"]
[Round "3"]
[White "Fox, Daniel"]
[Black "Ovsejevitsch, Sergei"]
[Result "0-1"]
[WhiteElo "2122"]
[BlackElo "2581"]
[PlyCount "96"]
[EventDate "2008.03.13"]
[EventType "swiss"]
[EventRounds "7"]
[EventCountry "GER"]
[SourceTitle "EXT 2010"]
[Source "ChessBase"]
[SourceDate "2009.11.30"]
[SourceVersion "1"]
[SourceVersionDate "2009.11.30"]
[SourceQuality "1"]

1. e4 e5 2. Nf3 Nc6 3. c3 f5 4. d4 fxe4 5. Nxe5 Nf6 6. Bg5 Qe7 7. Nxc6 dxc6 8.
Qb3 h6 9. Bxf6 gxf6 10. Be2 f5 11. Nd2 Bg7 12. Bh5+ Kf8 13. O-O b6 14. Qc4 Bd7
15. Rfe1 b5 16. Qe2 c5 17. dxc5 Qxc5 18. Nxe4 fxe4 19. Qxe4 Qxh5 20. Qxa8+ Kf7
21. Qe4 Bf6 22. Rad1 Qf5 23. Qxf5 Bxf5 24. Rd5 Kg6 25. Rxb5 Rd8 26. Rb7 Rd2 27.
h3 h5 28. Rc1 a5 29. a4 c5 30. Rb5 c4 31. Rxa5 Rxb2 32. Rb5 Ra2 33. a5 Bd3 34.
g3 Bd8 35. Re1 Rxa5 36. Re6+ Kf7 37. Rxa5 Bxa5 38. Re5 Bxc3 39. Rxh5 Bb2 40.
Rc5 c3 41. Kg2 c2 42. Kf3 c1=Q 43. Rxc1 Bxc1 44. g4 Kf6 45. Kg3 Ke5 46. h4 Bf4+
47. Kf3 Be4+ 48. Ke2 Bd5 0-1

[Event "CZE-ch U16"]
[Site "Sec u Chrudimi"]
[Date "2008.03.13"]
[Round "7"]
[White "Svoboda, Vaclav1"]
[Black "Pecha, Tomas"]
[Result "1/2-1/2"]
[WhiteElo "2189"]
[BlackElo "2176"]
[PlyCount "51"]
[EventDate "2008.03.08"]
[EventType "swiss"]
[EventRounds "9"]
[EventCountry "CZE"]
[SourceTitle "EXT 2009"]
[Source "ChessBase"]
[SourceDate "2008.11.26"]
[SourceVersion "1"]
[SourceVersionDate "2008.11.26"]
[SourceQuality "1"]

1. e4 e5 2. Nf3 Nc6 3. c3 Nf6 4. d4 exd4 5. e5 Nd5 6. cxd4 d6 7. Bc4 Nb6 8. Bb3
Be7 9. O-O dxe5 10. Nxe5 Nxe5 11. dxe5 Qxd1 12. Rxd1 Be6 13. Nc3 c6 14. Be3 Nc4
15. Bxc4 Bxc4 16. Ne4 Bd5 17. Nd6+ Bxd6 18. exd6 Kd7 19. Bf4 Rhe8 20. b3 Re4
21. Bg3 f5 22. f3 Re2 23. Re1 Rae8 24. Kf1 Rxe1+ 25. Rxe1 Rxe1+ 26. Kxe1
1/2-1/2

[Event "Scarborough CC Spring Swiss"]
[Site "Toronto"]
[Date "2008.03.13"]
[Round "1"]
[White "Verde, Pino"]
[Black "Hall, John"]
[Result "0-1"]
[WhiteElo "1707"]
[BlackElo "2115"]
[PlyCount "96"]
[EventDate "2008.03.13"]
[EventType "swiss"]
[EventRounds "8"]
[EventCountry "CAN"]
[SourceTitle "EXT 2011"]
[Source "ChessBase"]
[SourceDate "2010.11.26"]
[SourceVersion "1"]
[SourceVersionDate "2010.11.26"]
[SourceQuality "1"]

1. e4 e5 2. Nf3 Nc6 3. c3 d5 4. exd5 Qxd5 5. Qb3 Qxb3 6. axb3 e4 7. Ng5 Nf6 8.
Bc4 Ne5 9. O-O Nxc4 10. bxc4 Be7 11. Re1 Bf5 12. b3 h6 13. Nh3 O-O 14. Nf4 Bd6
15. Nd5 Nxd5 16. cxd5 Rfe8 17. Na3 a6 18. Nc4 Bf8 19. Ne3 Bd7 20. c4 f5 21. Ba3
Rad8 22. Nc2 Bxa3 23. Rxa3 c6 24. Nd4 cxd5 25. cxd5 Rc8 26. Ra5 g6 27. f4 exf3
28. Rxe8+ Bxe8 29. Nxf3 Kf7 30. Ne5+ Ke7 31. Kf2 Rc2 32. Ke3 g5 33. Kd3 Rc1 34.
Nc4 Bb5 35. d6+ Ke6 36. Kd4 f4 37. Ne5 Kxd6 38. Nf7+ Ke7 39. Nxh6 Rg1 40. g4
Kf6 41. h3 Rg3 42. Ng8+ Ke6 43. Ra1 Rd3+ 44. Kc5 Rxh3 45. Re1+ Kf7 46. Ne7 Rxb3
47. d4 Re3 48. Rxe3 fxe3 0-1

[Event "Uliyanovsk Championship"]
[Site "?"]
[Date "2008.03.10"]
[Round "?"]
[White "Gruzdev, Artem"]
[Black "Mirzaev, Aziz"]
[Result "1/2-1/2"]
[WhiteElo "1654"]
[BlackElo "1823"]
[PlyCount "97"]
[EventDate "2008.??.??"]
[SourceTitle "OM OTB B 201907"]
[Source "Opening Master"]
[SourceDate "2019.07.06"]
[SourceVersion "2"]
[SourceVersionDate "2019.07.06"]
[SourceQuality "1"]

1. e4 e5 2. Nf3 Nc6 3. c3 Nf6 4. d4 exd4 5. e5 Nd5 6. cxd4 d6 7. Bc4 Nb6 8. Bb3
dxe5 9. dxe5 Qxd1+ 10. Bxd1 Bg4 11. Bf4 O-O-O 12. O-O Nc4 13. b3 Bxf3 14. Bxf3
N4xe5 15. Bxc6 Nxc6 16. Rc1 Bd6 17. Bxd6 Rxd6 18. Nc3 Re8 19. Nb5 Rd2 20. Nc3
Nd4 21. Rd1 Ne2+ 22. Nxe2 Rexe2 23. Rxd2 Rxd2 24. Kf1 Kd7 25. Ke1 Rb2 26. Rd1+
Ke7 27. Rc1 c6 28. Ra1 f5 29. g3 a5 30. Kf1 g6 31. Kg2 h6 32. h4 Kd6 33. Rd1+
Ke6 34. Re1+ Kf6 35. Ra1 h5 36. Kf3 c5 37. Kg2 b5 38. Rc1 Rxa2 39. Rxc5 b4 40.
Rb5 Ra3 41. Kh2 Ke6 42. Kg2 Rxb3 43. Rxa5 Rb1 44. Rb5 b3 45. Rb6+ Kf7 46. Rb7+
Kf6 47. Rb6+ Kg7 48. Rb7+ Kh6 49. Kf3 1/2-1/2

[Event "SB-2008-0-00006"]
[Site "LSS"]
[Date "2008.03.10"]
[Round "?"]
[White "Hicdoenmez, Hakan"]
[Black "Tyutyunnyk, Roman M"]
[Result "1/2-1/2"]
[WhiteElo "1931"]
[BlackElo "1981"]
[PlyCount "35"]
[EventDate "2008.03.01"]
[EventType "swiss"]
[SourceTitle "OM Corr 202003"]
[Source "Opening Master"]
[SourceDate "2019.05.30"]
[SourceVersion "2"]
[SourceVersionDate "2019.05.30"]
[SourceQuality "1"]

1. e4 e5 2. Nf3 Nc6 3. c3 f5 4. d4 fxe4 5. Nxe5 Nf6 6. Bg5 d6 7. Nc4 d5 8. Ne5
Be7 9. Bb5 Qd6 10. Nd2 O-O 11. Bxc6 bxc6 12. O-O Nd7 13. Bxe7 Qxe7 14. Nxc6 Qe6
15. Nb4 c5 16. dxc5 a5 17. c6 axb4 18. cxd7 1/2-1/2

[Event "Bundesliga 0708"]
[Site "Germany"]
[Date "2008.03.09"]
[Round "11.6"]
[White "Moser, Eva"]
[Black "Mueller, Matthias"]
[Result "0-1"]
[WhiteElo "2412"]
[BlackElo "2405"]
[PlyCount "79"]
[EventDate "2007.10.20"]
[EventType "team-tourn"]
[EventRounds "15"]
[EventCountry "GER"]
[SourceTitle "CBM 123"]
[Source "ChessBase"]
[SourceDate "2008.04.02"]
[SourceVersion "1"]
[SourceVersionDate "2008.04.02"]
[SourceQuality "1"]
[WhiteTeam "Kreuzberg"]
[BlackTeam "Erfurt"]
[WhiteTeamCountry "GER"]
[BlackTeamCountry "GER"]

1. e4 e5 2. Nf3 Nc6 3. c3 Nf6 4. d4 Nxe4 5. d5 Nb8 6. Bd3 Nc5 7. Nxe5 Nxd3+ 8.
Nxd3 Be7 9. O-O O-O 10. Re1 d6 11. Qf3 Nd7 12. c4 Nf6 13. h3 Bd7 14. Nc3 Re8
15. Be3 c5 16. g4 Rf8 17. Qe2 Ne8 18. Bxc5 Bf6 19. Be3 Bxc3 20. bxc3 b6 21. Bf4
Qc7 22. Nb2 f6 23. Qd3 Rf7 24. Nd1 Rc8 25. Ne3 Qc5 26. Rab1 g6 27. Re2 Ng7 28.
Qd4 Qc7 29. Bh6 Ne8 30. Rbe1 Ng7 31. Ng2 Qxc4 32. Qxc4 Rxc4 33. Re7 Rxc3 34.
Rxf7 Kxf7 35. Bxg7 Rxh3 36. Rc1 Ke7 37. Rc7 Ra3 38. Bxf6+ Kxf6 39. Rxd7 Ke5 40.
Rxh7 0-1

[Event "Czech League 2007/08 (1st) East"]
[Site "Czech Republic"]
[Date "2008.03.09"]
[Round "9"]
[White "Cempel, Jaroslav"]
[Black "Biolek, Richard Jr"]
[Result "1/2-1/2"]
[WhiteElo "2298"]
[BlackElo "2406"]
[PlyCount "95"]
[EventDate "2008.??.??"]
[EventRounds "11"]
[SourceTitle "OM OTB B 201907"]
[Source "Opening Master"]
[SourceDate "2019.07.06"]
[SourceVersion "2"]
[SourceVersionDate "2019.07.06"]
[SourceQuality "1"]

1. e4 e5 2. Nf3 Nc6 3. c3 Nf6 4. d4 exd4 5. e5 Nd5 6. cxd4 d6 7. Bb5 Be7 8. O-O
O-O 9. h3 Bd7 10. Qe2 a6 11. Bd3 Ndb4 12. Rd1 Nxd3 13. Qxd3 Nb4 14. Qb3 dxe5
15. dxe5 Qe8 16. Qc3 Be6 17. Bg5 Nd5 18. Qc2 h6 19. Bxe7 Qxe7 20. Nc3 Nxc3 21.
Qxc3 Rfd8 22. a3 Rd7 23. Rxd7 Qxd7 24. Nd4 c6 25. Nxe6 fxe6 26. Re1 Rd8 27. Re3
Qd5 28. Kh2 c5 29. Rg3 c4 30. Qe3 Kh7 31. Rg4 b5 32. Qg3 Rd7 33. h4 Qd3 34. f3
a5 35. Qf4 Qf5 36. Qe3 Rd3 37. Qe2 Rd5 38. Re4 Qf7 39. Qe3 Qc7 40. Qf4 c3 41.
bxc3 Qxc3 42. h5 Qc7 43. Qe3 Qf7 44. g4 Qe8 45. Kg3 Qd8 46. Qa7 Rd1 47. Qf7
Rg1+ 48. Kh3 1/2-1/2